Chemical engineering reference manual : for the PE exam /

Bibliographic Details
Main Author: Robinson, Randall N.
Format: Book
Language:English
Published: Belmont, CA : Professional Publications, [1996]
Edition:5th ed.
Series:Engineering licensing exam and reference series.
Subjects:

MARC

Tag First Indicator Second Indicator Subfields
LEADER 00000cam a2200000 a 4500
001 in00001340468
005 20151005095207.0
008 960402s1996 caua 001 0 eng
010 |a  96016476  
020 |a 0912045922 (case bound) 
035 |a (OCoLC)34545577 
035 |9 AHE8269AM 
040 |a DLC  |c DLC  |d UtOrBLW 
049 |a TXAM 
050 0 0 |a TP155  |b .R63 1996 
082 0 0 |a 660  |2 20 
100 1 |a Robinson, Randall N. 
245 1 0 |a Chemical engineering reference manual :  |b for the PE exam /  |c Randall N. Robinson. 
246 3 |a Chemical engineering reference manual for the professional engineering exam 
250 |a 5th ed. 
264 1 |a Belmont, CA :  |b Professional Publications,  |c [1996] 
264 4 |c ©1996 
300 |a 1 volume (various pagings) :  |b illustrations ;  |c 29 cm. +  |e solutions manual (63 pages : illustrations) 
336 |a text  |b txt  |2 rdacontent 
337 |a unmediated  |b n  |2 rdamedia 
338 |a volume  |b nc  |2 rdacarrier 
490 1 |a Engineering licensing exam and reference series 
500 |a Includes indexes. 
650 0 |a Chemical engineering. 
830 0 |a Engineering licensing exam and reference series. 
999 |a MARS 
999 f f |s 92bfdb2b-cc24-30ce-8e51-960e40f4eb79  |i c3d78d0a-6bd8-37b3-a89d-9d67ea4aa6f8  |t 0 
952 f f |p normal  |a Texas A&M University  |b College Station  |c Sterling C. Evans Library  |d Evans: Library Stacks  |t 0  |e TP155 .R63 1996  |h Library of Congress classification  |i unmediated -- volume  |k Manual  |m A14820744037 
952 f f |p normal  |a Texas A&M University  |b College Station  |c Sterling C. Evans Library  |d Evans: Library Stacks  |t 0  |e TP155 .R63 1996  |h Library of Congress classification  |i unmediated -- volume  |k text  |m A14820743984 
998 f f |a TP155 .R63 1996  |s "text"  |t 0  |l Evans: Library Stacks